Justice League or Avengers? Quiz Stats

Quiz Updated May 4, 2012

Challenge
Share
Tweet
Embed
Score 0/30 Timer 02:00
5 Plays Today
Hero Team Affiliation % Correct
Superman???
97.7%
Batman???
95.8%
Thor???
95.8%
Captain America???
95.1%
The Hulk???
92.8%
Iron Man???
91.9%
Black Widow???
89.1%
Hawkeye???
88.5%
Wonder Woman???
88.5%
Green Lantern???
85.3%
Aquaman???
84.7%
The Flash???
84.6%
Black Canary???
79.1%
Green Arrow???
77.1%
Martian Manhunter???
75.1%
Hero Team Affiliation % Correct
Hawkman???
74.4%
Ms Marvel???
71.7%
Ant Man???
70.7%
Zatanna???
66.8%
Plastic Man???
66.5%
The Wasp???
65.4%
Scarlet Witch???
62.5%
Falcon???
61%
Atom???
57.9%
Firestorm???
55.5%
Firestar???
51.1%
Vixen???
49.3%
Darkhawk???
34.9%
Wonder Man???
34.7%
Justice???
34.5%

You're not logged in!

Compare scores with friends on all Sporcle quizzes.
Join for Free
OR
Log In

You Might Also Like...

Show Comments

Extras

Top Quizzes Today


Score Distribution

Your Account Isn't Verified!

In order to create a playlist on Sporcle, you need to verify the email address you used during registration. Go to your Sporcle Settings to finish the process.

Report this User

Report this user for behavior that violates our Community Guidelines.

Details: